[Event "5th Budapest Open"]
[Site "Budapest"]
[Date "2015.08.16"]
[Round "2.1"]
[White "Persanyi, Barnabas"]
[Black "Meszaros, Andras"]
[Result "0-1"]
[WhiteElo "2064"]
[BlackElo "2246"]
[PlyCount "136"]
[EventDate "2014.08.15"]
[EventType "swiss"]
[EventRounds "9"]
[EventCountry "HUN"]

1. e4 e5 2. Nf3 Nc6 3. Bc4 Nf6 4. d3 h6 5. c3 d6 6. Nbd2 g6 7. Nf1 Bg7 8. Ne3
O-O 9. O-O Na5 10. Bb5 a6 11. Ba4 b5 12. Bc2 c5 13. a3 Nc6 14. b4 Re8 15. Bb2
Bb7 16. Qd2 Qb6 17. Rac1 a5 18. Bb3 axb4 19. axb4 Rad8 20. Nd5 Nxd5 21. Bxd5
Ne7 22. Bxb7 Qxb7 23. Qc2 Rd7 24. Rfe1 Rc8 25. Qb3 c4 26. dxc4 bxc4 27. Qc2 f5
28. exf5 gxf5 29. Rcd1 Qc7 30. Bc1 Rf8 31. Qe2 Qc6 32. Qd2 f4 33. Nxe5 Bxe5 34.
Rxe5 dxe5 35. Qxd7 Qxd7 36. Rxd7 Kf7 37. g3 Ke6 38. Rd1 Nd5 39. Bb2 f3 40. Re1
Ra8 41. Ra1 Rxa1+ 42. Bxa1 Kf5 43. Bb2 Ke4 44. h4 h5 45. b5 Kd3 46. Ba3 e4 47.
Bc5 e3 48. fxe3 Ke2 49. e4 Nxc3 50. b6 Nxe4 51. b7 Nxc5 52. b8=Q f2+ 53. Kh2
f1=Q 54. Qe5+ Kd2 55. Qg5+ Kd3 56. Qd5+ Kc2 57. Qxc5 Qe2+ 58. Kh3 Qg4+ 59. Kg2
c3 60. Qf2+ Kd3 61. Qc5 Qe4+ 62. Kh2 c2 63. Qa3+ Ke2 64. Qb2 Qf5 65. Qa2 Kd2
66. Qb2 Qc5 67. Qa2 Qb5 68. Kg2 Kd1 0-1

[Event "5th Budapest Open"]
[Site "Budapest"]
[Date "2015.08.16"]
[Round "2.3"]
[White "Bakk, Zoltan"]
[Black "Boguszlavszkij, Jevgenyij"]
[Result "0-1"]
[WhiteElo "2051"]
[BlackElo "2199"]
[PlyCount "58"]
[EventDate "2014.08.15"]
[EventType "swiss"]
[EventRounds "9"]
[EventCountry "HUN"]

1. d4 Nf6 2. Nf3 b6 3. Bg5 Bb7 4. Bxf6 exf6 5. e3 g6 6. c4 Bg7 7. Nc3 O-O 8.
Be2 f5 9. O-O d6 10. Nd2 Nd7 11. Bf3 Bxf3 12. Qxf3 Nf6 13. Nd5 Qd7 14. Nxf6+
Bxf6 15. g4 Rfe8 16. gxf5 Qxf5 17. Qxf5 gxf5 18. Kg2 Rad8 19. Rab1 d5 20. b4 c6
21. Kf3 Bg7 22. Rg1 Kf8 23. Rg3 f4 24. Kxf4 dxc4 25. Ne4 Rd5 26. Rh3 Re6 27.
Rg1 Rg6 28. Rxg6 hxg6 29. Kf3 a5 0-1

[Event "5th Budapest Open"]
[Site "Budapest"]
[Date "2015.08.16"]
[Round "2.4"]
[White "Koczo, Kristof"]
[Black "Mester, Attila"]
[Result "1-0"]
[WhiteElo "2193"]
[BlackElo "2025"]
[PlyCount "55"]
[EventDate "2014.08.15"]
[EventType "swiss"]
[EventRounds "9"]
[EventCountry "HUN"]

1. d4 Nf6 2. c4 g6 3. Nc3 Bg7 4. e4 d6 5. h3 O-O 6. Bg5 Na6 7. Bd3 e5 8. d5 Qe8
9. g4 Nd7 10. Nge2 f5 11. gxf5 gxf5 12. exf5 e4 13. Bxe4 Ndc5 14. f6 Nxe4 15.
fxg7 Rf7 16. Be3 Nxc3 17. Nxc3 Bf5 18. Qe2 Nb4 19. O-O-O Rxg7 20. a3 Nc2 21.
Rhg1 Na1 22. Rxg7+ Kxg7 23. Rg1+ Kf8 24. Qf3 Nb3+ 25. Kd1 Qf7 26. Bh6+ Ke8 27.
Qe3+ Kd8 28. Rg7 1-0

[Event "5th Budapest Open"]
[Site "Budapest"]
[Date "2015.08.16"]
[Round "2.5"]
[White "Balogh, Lajos"]
[Black "Polyik, Peter"]
[Result "0-1"]
[WhiteElo "2018"]
[BlackElo "2178"]
[PlyCount "30"]
[EventDate "2014.08.15"]
[EventType "swiss"]
[EventRounds "9"]
[EventCountry "HUN"]

1. c4 e5 2. Nc3 Bb4 3. Qc2 Nc6 4. Nf3 Nge7 5. a3 Bxc3 6. Qxc3 d6 7. d4 e4 8.
Ng5 d5 9. cxd5 Qxd5 10. Be3 h6 11. Nh3 Bxh3 12. gxh3 O-O-O 13. Rd1 Nf5 14. Bg2
Ncxd4 15. Bf4 Nf3+ 0-1

[Event "5th Budapest Open"]
[Site "Budapest"]
[Date "2015.08.16"]
[Round "2.6"]
[White "Csapo, Zoltan"]
[Black "Erdos, Boglarka"]
[Result "0-1"]
[WhiteElo "1993"]
[BlackElo "2175"]
[PlyCount "92"]
[EventDate "2014.08.15"]
[EventType "swiss"]
[EventRounds "9"]
[EventCountry "HUN"]

1. e4 e5 2. Nf3 Nc6 3. c3 d5 4. Bb5 dxe4 5. Nxe5 Qg5 6. d4 Qxg2 7. Rf1 Bd6 8.
Qh5 g6 9. Qh4 Bxe5 10. dxe5 Bd7 11. Bf4 g5 12. Bxg5 Nxe5 13. Bxd7+ Kxd7 14. Nd2
Qf3 15. Nxf3 Nxf3+ 16. Ke2 Nxh4 17. Bxh4 Nh6 18. Rad1+ Kc6 19. Rd4 Nf5 20. Rc4+
Kd5 21. Rxc7 Nxh4 22. Rxf7 Ke5 23. Rg1 Ng6 24. Rg5+ Ke6 25. Rxb7 Rab8 26. Rgb5
Rxb7 27. Rxb7 Ne5 28. Rxa7 h5 29. a4 h4 30. h3 Nf3 31. Ke3 Ng5 32. Ra6+ Kd7 33.
Ra7+ Kc6 34. Ra6+ Kb7 35. Rg6 Nxh3 36. b4 Rh5 37. f4 exf3 38. Kxf3 Ng5+ 39. Kg2
h3+ 40. Kh1 Ne4 41. Kh2 Nf2 42. Rg7+ Kc6 43. a5 Kb5 44. Rb7+ Kc4 45. a6 Rg5 46.
Rc7+ Kb3 0-1

[Event "5th Budapest Open"]
[Site "Budapest"]
[Date "2015.08.16"]
[Round "2.7"]
[White "Kovacs, Istvan"]
[Black "Karacsonyi, Gellert"]
[Result "1/2-1/2"]
[WhiteElo "2147"]
[BlackElo "2013"]
[PlyCount "104"]
[EventDate "2014.08.15"]
[EventType "swiss"]
[EventRounds "9"]
[EventCountry "HUN"]

1. Nf3 f5 2. d4 Nf6 3. c3 g6 4. Bg5 Bg7 5. Nbd2 O-O 6. Bxf6 Bxf6 7. e4 fxe4 8.
Nxe4 d5 9. Nc5 Qd6 10. Qb3 b6 11. Nd3 Nd7 12. Be2 c5 13. Qd1 e5 14. dxe5 Nxe5
15. Ndxe5 Bxe5 16. Nxe5 Qxe5 17. O-O Bb7 18. Bf3 Rad8 19. Rc1 Rf7 20. Rc2 d4
21. Bxb7 Rxb7 22. cxd4 Rxd4 23. Qf3 Rf7 24. Qc3 Qf4 25. Re2 Re4 26. g3 Qf5 27.
Rd2 Rd7 28. Rfd1 Rxd2 29. Rxd2 Re1+ 30. Kg2 Qe4+ 31. Kh3 Qe6+ 32. Kg2 Qe4+ 33.
Kh3 Rg1 34. Qf6 Qf5+ 35. Qxf5 gxf5 36. Rd7 Rb1 37. b3 Rb2 38. Rxa7 Rxf2 39. Ra6
Rb2 40. Rxb6 Rxa2 41. Rc6 Ra5 42. Kh4 Kf7 43. Kg5 Rb5 44. Rc7+ Ke6 45. Rxh7
Rxb3 46. Kf4 Rb4+ 47. Ke3 Rb3+ 48. Kd2 c4 49. Kc2 Rf3 50. Rh8 Ke5 51. Rh7 Ra3
52. Rh4 Rf3 1/2-1/2

[Event "5th Budapest Open"]
[Site "Budapest"]
[Date "2015.08.16"]
[Round "2.8"]
[White "Bodrogi, Laszlo"]
[Black "Markos, Adam"]
[Result "1/2-1/2"]
[WhiteElo "1985"]
[BlackElo "2146"]
[PlyCount "68"]
[EventDate "2014.08.15"]
[EventType "swiss"]
[EventRounds "9"]
[EventCountry "HUN"]

1. e4 c5 2. Nf3 e6 3. d4 cxd4 4. Nxd4 a6 5. g3 b5 6. Bg2 Bb7 7. O-O Nf6 8. Re1
Qc7 9. Nc3 Nc6 10. a4 Nxd4 11. Qxd4 b4 12. Nd5 Bxd5 13. exd5 Rc8 14. dxe6 fxe6
15. Bf4 Bc5 16. Qd2 Qa7 17. Bf3 O-O 18. Kg2 Bd4 19. Rab1 Qc5 20. Bb7 Rce8 21.
c3 bxc3 22. bxc3 Bxc3 23. Qc2 d5 24. Rec1 d4 25. Bd2 Nd5 26. Qe4 Qa5 27. Bxd5
exd5 28. Bxc3 dxc3 29. Qd4 Re2 30. Rb7 Rfxf2+ 31. Kg1 Rg2+ 32. Kh1 Rxh2+ 33.
Kg1 Rhg2+ 34. Kh1 Rh2+ 1/2-1/2

[Event "5th Budapest Open"]
[Site "Budapest"]
[Date "2015.08.16"]
[Round "2.9"]
[White "Yip, Michael"]
[Black "Kokeny, Norbert Adrian"]
[Result "1/2-1/2"]
[WhiteElo "1927"]
[BlackElo "2123"]
[PlyCount "98"]
[EventDate "2014.08.15"]
[EventType "swiss"]
[EventRounds "9"]
[EventCountry "HUN"]

1. d4 Nf6 2. c4 e6 3. Nf3 Bb4+ 4. Nbd2 O-O 5. a3 Be7 6. e4 d5 7. e5 Nfd7 8. Bd3
Re8 9. h4 Nf8 10. h5 c5 11. h6 g6 12. b3 Nc6 13. Bb2 cxd4 14. Kf1 Nd7 15. Qe2
Nc5 16. Re1 dxc4 17. Bxc4 a6 18. b4 Na4 19. Ba1 b5 20. Bd3 Ra7 21. Nb3 Rd7 22.
Rh3 Bb7 23. Rd1 Qa8 24. Qd2 Red8 25. Rg3 Nb6 26. Nc5 Rc7 27. Re1 Qc8 28. Qf4
Nd5 29. Qg4 Nc3 30. Bb2 Rd5 31. Nxb7 Qxb7 32. Bc1 Qb8 33. Bd2 Qd8 34. Kg1 Kh8
35. Qf4 Kg8 36. Nh2 Rdd7 37. Ng4 Nd5 38. Qf3 Bh4 39. Rh3 Bg5 40. Bxg5 Qxg5 41.
Rg3 Qd8 42. Be4 Nce7 43. Bxd5 Nxd5 44. Qe4 Rc4 45. Rd3 Nc3 46. Qf4 Rdc7 47.
Nf6+ Kh8 48. Qf3 Qf8 49. Qf4 Qd8 1/2-1/2

[Event "5th Budapest Open"]
[Site "Budapest"]
[Date "2015.08.16"]
[Round "2.10"]
[White "Kormos, Adam"]
[Black "Meixner, Ferenc"]
[Result "1-0"]
[WhiteElo "2109"]
[BlackElo "1998"]
[PlyCount "76"]
[EventDate "2014.08.15"]
[EventType "swiss"]
[EventRounds "9"]
[EventCountry "HUN"]

1. e4 c5 2. Nf3 e6 3. d4 cxd4 4. Nxd4 Nf6 5. Bd3 Nc6 6. Nxc6 dxc6 7. Bf4 Qa5+
8. Nd2 e5 9. Bg3 Bg4 10. f3 Be6 11. O-O Nh5 12. Nb3 Bxb3 13. axb3 Qb6+ 14. Bf2
Bc5 15. g3 g6 16. Kg2 Rd8 17. Be1 Qc7 18. Ba5 b6 19. Bd2 a5 20. Bh6 Bf8 21. Qd2
Bxh6 22. Qxh6 f6 23. f4 exf4 24. e5 f5 25. g4 Ng7 26. gxf5 gxf5 27. Rxf4 O-O
28. Bc4+ Rd5 29. Qd6 Qf7 30. Bxd5 cxd5 31. Qxb6 Ne6 32. Rf3 f4 33. Rxa5 Ng5 34.
Rf1 Qf5 35. Qd4 Qxc2+ 36. Kh1 f3 37. Qg4 h6 38. Ra4 Qxb3 1-0

[Event "5th Budapest Open"]
[Site "Budapest"]
[Date "2015.08.16"]
[Round "2.11"]
[White "Arellano Pardo, Martin"]
[Black "Gumanny, Evgeny"]
[Result "0-1"]
[WhiteElo "1912"]
[BlackElo "2093"]
[PlyCount "92"]
[EventDate "2014.08.15"]
[EventType "swiss"]
[EventRounds "9"]
[EventCountry "HUN"]

1. e4 e6 2. d4 d5 3. Be3 dxe4 4. Nd2 Nf6 5. f3 exf3 6. Ngxf3 Be7 7. Bd3 O-O 8.
Qe2 Nc6 9. c3 Nd5 10. O-O-O Bd7 11. h4 f5 12. Nc4 b5 13. Nce5 Nxe5 14. dxe5 Qe8
15. g4 fxg4 16. Ng5 h6 17. Rdg1 Qh5 18. Bd2 c6 19. Bh7+ Kh8 20. Qe4 Rf5 21.
Bxf5 exf5 22. Qd3 Rf8 23. Rf1 Qg6 24. e6 Bxe6 25. h5 Qf6 26. Nxe6 Qxe6 27. Re1
Qf7 28. Qg3 Bc5 29. Bf4 Nxf4 30. Qxf4 Qxa2 31. Qc7 Qd5 32. Rhf1 Kh7 33. Re5 Qd3
34. Rfe1 Bd6 35. Qd7 Rf6 36. Rd1 Qxd1+ 37. Kxd1 Bxe5 38. Ke2 Bd6 39. Qxc6 f4
40. Qxb5 f3+ 41. Kf1 g3 42. Qd3+ Kh8 43. Qe3 a5 44. Qe8+ Rf8 45. Qe3 g2+ 46.
Kf2 Bh2 0-1

[Event "5th Budapest Open"]
[Site "Budapest"]
[Date "2015.08.16"]
[Round "2.12"]
[White "Vargyas, Zoltan"]
[Black "Thomas, Heyl"]
[Result "1-0"]
[WhiteElo "2089"]
[BlackElo "1986"]
[PlyCount "73"]
[EventDate "2014.08.15"]
[EventType "swiss"]
[EventRounds "9"]
[EventCountry "HUN"]

1. e4 c5 2. b3 e6 3. Bb2 d5 4. exd5 exd5 5. Bb5+ Bd7 6. Qe2+ Qe7 7. Nc3 Nf6 8.
O-O-O Qxe2 9. Bxe2 Be7 10. Bf3 Be6 11. Nb5 Na6 12. c4 O-O 13. Bxf6 Bxf6 14.
cxd5 Bf5 15. a3 Bd3 16. Nc3 b5 17. Be2 Bxe2 18. Ngxe2 b4 19. axb4 Nxb4 20. d4
Rac8 21. Kb2 Rfd8 22. Ne4 Bxd4+ 23. Nxd4 cxd4 24. Rxd4 a5 25. Nc3 f5 26. Rhd1
Rc5 27. Rc4 Na6 28. Re1 Nb4 29. Rd1 Na6 30. Ra1 Rdc8 31. Rxa5 Rxc4 32. bxc4 Nc5
33. Kc2 Ne4 34. Nxe4 fxe4 35. Kc3 Kf7 36. Kd4 Kf6 37. c5 1-0

[Event "5th Budapest Open"]
[Site "Budapest"]
[Date "2015.08.16"]
[Round "2.13"]
[White "Blazques Criado, Sergio"]
[Black "Palla, Akos Botond"]
[Result "1-0"]
[WhiteElo "1882"]
[BlackElo "2064"]
[PlyCount "23"]
[EventDate "2014.08.15"]
[EventType "swiss"]
[EventRounds "9"]
[EventCountry "HUN"]

1. e4 c5 2. Nf3 d6 3. Bc4 Nf6 4. e5 dxe5 5. Nxe5 e6 6. Qe2 Nbd7 7. Nxf7 Kxf7 8.
Qxe6+ Kg6 9. h4 h5 10. d4 Kh7 11. Bd3+ g6 12. Qf7+ 1-0

[Event "5th Budapest Open"]
[Site "Budapest"]
[Date "2015.08.16"]
[Round "2.14"]
[White "Farago, Sandor"]
[Black "Cruz Guerra, Samuel"]
[Result "1-0"]
[WhiteElo "2256"]
[BlackElo "1904"]
[PlyCount "47"]
[EventDate "2014.08.15"]
[EventType "swiss"]
[EventRounds "9"]
[EventCountry "HUN"]

1. e4 c5 2. Nf3 d6 3. d4 cxd4 4. Nxd4 Nf6 5. Nc3 a6 6. Bc4 e6 7. Bb3 Nbd7 8.
Qe2 Nc5 9. Bg5 Be7 10. f4 O-O 11. O-O-O Nfd7 12. h4 Nb8 13. e5 d5 14. g4 b5 15.
a3 Bd7 16. f5 Bxg5+ 17. hxg5 Qxg5+ 18. Kb1 Nc6 19. Qh2 h6 20. Nf3 Qe3 21. f6
Nxe5 22. Nxe5 gxf6 23. g5 fxe5 24. Qxh6 1-0

[Event "5th Budapest Open"]
[Site "Budapest"]
[Date "2015.08.16"]
[Round "2.15"]
[White "Bulthaupt, Freerk dr"]
[Black "Zoldy, Robert"]
[Result "1/2-1/2"]
[WhiteElo "2176"]
[BlackElo "1978"]
[PlyCount "88"]
[EventDate "2014.08.15"]
[EventType "swiss"]
[EventRounds "9"]
[EventCountry "HUN"]

1. d4 d5 2. c4 c6 3. Nc3 Nf6 4. Nf3 dxc4 5. a4 Bf5 6. Ne5 Qc7 7. f3 Nbd7 8.
Nxc4 e5 9. dxe5 Nxe5 10. e4 Rd8 11. Qc2 Be6 12. Nxe5 Qxe5 13. Be3 Bb4 14. Be2
O-O 15. Qc1 Qa5 16. O-O Rd7 17. Kh1 Rfd8 18. Qc2 Bc5 19. Bxc5 Qxc5 20. Rad1 Qe3
21. Rxd7 Rxd7 22. Rd1 Qf2 23. Qc1 h5 24. Rxd7 Nxd7 25. Qg1 Qxg1+ 26. Kxg1 a5
27. Bd1 Nc5 28. Bc2 Bc4 29. Kf2 b5 30. axb5 cxb5 31. Ke3 f6 32. g3 Kf7 33. b3
Bxb3 34. Bxb3+ Nxb3 35. Nxb5 Ke6 36. Kd3 Kd7 37. Na3 Nc1+ 38. Kc4 g5 39. Kd5
Ne2 40. Nc4 Nxg3 41. Nxa5 Nf1 42. h3 Nd2 43. e5 fxe5 44. Kxe5 Nxf3+ 1/2-1/2

[Event "5th Budapest Open"]
[Site "Budapest"]
[Date "2015.08.16"]
[Round "2.16"]
[White "Juhasz, Bela"]
[Black "Horvath, Csaba3"]
[Result "1-0"]
[WhiteElo "2134"]
[BlackElo "1823"]
[PlyCount "61"]
[EventDate "2014.08.15"]
[EventType "swiss"]
[EventRounds "9"]
[EventCountry "HUN"]

1. d4 f5 2. c4 Nf6 3. Nf3 g6 4. g3 Bg7 5. Bg2 O-O 6. O-O d6 7. b3 e6 8. Bb2
Nbd7 9. Qc2 Ne4 10. Nc3 Ndf6 11. Rad1 Qe7 12. e3 g5 13. Nxe4 Nxe4 14. Ne1 Nf6
15. Nd3 Nh5 16. f4 g4 17. e4 Nf6 18. Nf2 h5 19. Rfe1 Qf7 20. e5 Nd7 21. exd6
cxd6 22. Rxe6 Ne5 23. Rxd6 Nf3+ 24. Bxf3 gxf3 25. Nd3 h4 26. Ne5 Qh5 27. Qf2
hxg3 28. hxg3 Bxe5 29. dxe5 Rf7 30. Rd8+ Kh7 31. e6 1-0

[Event "5th Budapest Open"]
[Site "Budapest"]
[Date "2015.08.16"]
[Round "2.17"]
[White "Kovacs, Gabor"]
[Black "Horvath, Aron Balazs"]
[Result "0-1"]
[WhiteElo "2008"]
[BlackElo "1788"]
[PlyCount "108"]
[EventDate "2014.08.15"]
[EventType "swiss"]
[EventRounds "9"]
[EventCountry "HUN"]

1. e4 e5 2. Nf3 Nc6 3. Bb5 a6 4. Ba4 Nf6 5. O-O b5 6. Bb3 Be7 7. Re1 O-O 8. a4
Bb7 9. c3 d6 10. d4 h6 11. Nbd2 Re8 12. Nf1 Na5 13. Bc2 c5 14. dxe5 dxe5 15.
Qxd8 Bxd8 16. Ng3 Bb6 17. b3 b4 18. cxb4 cxb4 19. Bd2 Nc6 20. Rad1 Ng4 21. Re2
Rad8 22. h3 Nf6 23. Be3 Nd4 24. Bxd4 exd4 25. Bd3 Nd7 26. Bc4 Ne5 27. Nxe5 Rxe5
28. Kf1 g6 29. f4 Re7 30. Rd3 a5 31. f5 Kh7 32. e5 Bc7 33. e6 Bxg3 34. f6 Ree8
35. e7 Rd6 36. Rxg3 Rxf6+ 37. Ke1 Kg7 38. Rg4 Rd6 39. Re5 f5 40. Rg3 Kf6 41.
Rxa5 Rxe7+ 42. Kd2 f4 43. Rg4 g5 44. h4 Rg7 45. hxg5+ hxg5 46. Ra7 d3 47. a5
Rgd7 48. a6 Bc6 49. Rxd7 Rxd7 50. g3 Bf3 51. gxf4 Bxg4 52. fxg5+ Kxg5 53. Bxd3
Bf5 54. a7 Rxd3+ 0-1

[Event "5th Budapest Open"]
[Site "Budapest"]
[Date "2015.08.16"]
[Round "2.19"]
[White "Gorog, Almos"]
[Black "Karacsonyi, Kata"]
[Result "1-0"]
[WhiteElo "1912"]
[BlackElo "1461"]
[PlyCount "71"]
[EventDate "2014.08.15"]
[EventType "swiss"]
[EventRounds "9"]
[EventCountry "HUN"]

1. c4 f5 2. g3 Nf6 3. Bg2 g6 4. Nc3 Bg7 5. d3 O-O 6. e4 fxe4 7. Nxe4 Nxe4 8.
Bxe4 e6 9. Bg2 d5 10. Nf3 e5 11. h3 Be6 12. Ng5 Qf6 13. O-O c6 14. Nxe6 Qxe6
15. Qb3 dxc4 16. Qxb7 Nd7 17. Qxc6 Qxc6 18. Bxc6 Rad8 19. Bxd7 Rxd7 20. dxc4 e4
21. Rb1 Rfd8 22. Be3 Rb7 23. b4 Rc8 24. c5 Rd8 25. c6 Rb5 26. c7 Rc8 27. Bf4
Be5 28. a4 Rd5 29. Rfd1 Bd4 30. Be3 Rxc7 31. Rxd4 Rxd4 32. Bxd4 Rb7 33. b5 Rc7
34. a5 Rc4 35. Bxa7 Ra4 36. b6 1-0

[Event "5th Budapest Open"]
[Site "Budapest"]
[Date "2015.08.16"]
[Round "2.20"]
[White "Kanizaj, Benjamin"]
[Black "Bensaid, Simon"]
[Result "1/2-1/2"]
[WhiteElo "1662"]
[BlackElo "1924"]
[PlyCount "80"]
[EventDate "2014.08.15"]
[EventType "swiss"]
[EventRounds "9"]
[EventCountry "HUN"]

1. e4 c6 2. d4 d5 3. e5 Bf5 4. Nc3 e6 5. g4 Bg6 6. Nge2 c5 7. h4 h5 8. Nf4 Bh7
9. g5 Nc6 10. Be3 Nge7 11. Bd3 Bxd3 12. Qxd3 cxd4 13. Bxd4 Nf5 14. Nce2 Nfxd4
15. Nxd4 Qa5+ 16. c3 Nxd4 17. Qxd4 g6 18. O-O Rc8 19. Qd2 Qc7 20. Rfe1 Be7 21.
Rad1 O-O 22. Kg2 Qc4 23. a3 Qa4 24. Qe3 Rc4 25. Rd4 Rfc8 26. Red1 Qb3 27. Qe2
b5 28. R1d2 Bc5 29. Rxc4 Qxc4 30. Qxc4 bxc4 31. Kf3 Kf8 32. Ne2 Rb8 33. Nc1 Rd8
34. Ne2 Rb8 35. Nc1 Ke7 36. Na2 Kd7 37. Nb4 Rb6 38. Ke2 a5 39. Na2 Kc6 40. Ke1
Rb7 1/2-1/2

[Event "5th Budapest Open"]
[Site "Budapest"]
[Date "2015.08.16"]
[Round "2.21"]
[White "Bartok, David Dominik"]
[Black "Rabovszky, Gyorgy"]
[Result "1/2-1/2"]
[WhiteElo "1610"]
[BlackElo "1886"]
[PlyCount "118"]
[EventDate "2014.08.15"]
[EventType "swiss"]
[EventRounds "9"]
[EventCountry "HUN"]

1. e4 e5 2. Nf3 Nc6 3. Bb5 a6 4. Bxc6 dxc6 5. O-O Bg4 6. h3 Bxf3 7. Qxf3 Qf6 8.
Qxf6 Nxf6 9. d3 Bd6 10. Bg5 h6 11. Bxf6 gxf6 12. Nd2 Ke7 13. Nf3 h5 14. Nh4
Rag8 15. g3 Bc5 16. Kg2 Ke6 17. Kf3 b5 18. Nf5 b4 19. Rh1 a5 20. Rag1 a4 21. b3
Ra8 22. Ra1 Bd4 23. Nxd4+ exd4 24. Kf4 Ra5 25. Rab1 axb3 26. axb3 Ra2 27. Rhc1
Rha8 28. Kf3 R8a5 29. Ke2 f5 30. exf5+ Kxf5 31. Kd2 Kg5 32. Re1 Rc5 33. Rec1
Rca5 34. Re1 Rc5 35. Rec1 h4 36. Ra1 Ra3 37. Rxa3 bxa3 38. b4 Rf5 39. Ke2 hxg3
40. fxg3 c5 41. b5 Re5+ 42. Kf2 Re8 43. Ra1 Ra8 44. Kf3 Kf5 45. Ra2 Ke5 46. Ke2
Kd5 47. Kd2 c4 48. c3 dxc3+ 49. Kxc3 cxd3 50. Kxd3 Kc5 51. Kc3 Kxb5 52. Kb3 Kc5
53. Rxa3 Rxa3+ 54. Kxa3 f5 55. h4 Kd4 56. Kb2 Ke5 57. Kc3 f4 58. gxf4+ Kxf4 59.
Kc4 Kg4 1/2-1/2

[Event "5th Budapest Open"]
[Site "Budapest"]
[Date "2015.08.16"]
[Round "2.22"]
[White "Lesar, David"]
[Black "Czimer, Jozsef"]
[Result "0-1"]
[WhiteElo "1882"]
[BlackElo "1706"]
[PlyCount "60"]
[EventDate "2014.08.15"]
[EventType "swiss"]
[EventRounds "9"]
[EventCountry "HUN"]

1. e4 c5 2. Nf3 d6 3. d4 cxd4 4. Nxd4 Nf6 5. Nc3 a6 6. Bc4 e6 7. Bb3 Be7 8. g4
Qc7 9. g5 Nfd7 10. Bxe6 fxe6 11. Nxe6 Qc4 12. Nxg7+ Kf7 13. Nf5 Ne5 14. Nxd6+
Bxd6 15. Qxd6 Qe6 16. Qxe6+ Bxe6 17. Be3 Rd8 18. Rd1 Nbc6 19. b3 Nb4 20. Rc1
Rac8 21. a3 Rxc3 22. axb4 Nf3+ 23. Ke2 Bg4 24. h3 Bh5 25. Kf1 Re8 26. Kg2 Rxe4
27. Bc5 Nxg5 28. Kf1 Be2+ 29. Kg1 Nf3+ 30. Kg2 Re6 0-1

[Event "5th Budapest Open"]
[Site "Budapest"]
[Date "2015.08.16"]
[Round "2.23"]
[White "Sergyan, Gyula Zsolt"]
[Black "Geher, Laszlo"]
[Result "0-1"]
[WhiteElo "1585"]
[BlackElo "1851"]
[PlyCount "96"]
[EventDate "2014.08.15"]
[EventType "swiss"]
[EventRounds "9"]
[EventCountry "HUN"]

1. e4 d6 2. d4 Nf6 3. Nc3 g6 4. f4 Bg7 5. Nf3 c5 6. Bb5+ Bd7 7. e5 Ng4 8. e6
fxe6 9. Ng5 Bxb5 10. Qxg4 Bd7 11. Nxe6 Bxe6 12. Qxe6 Bxd4 13. Nd5 Qd7 14. Qxd7+
Kxd7 15. c3 e6 16. cxd4 exd5 17. Be3 c4 18. g4 Nc6 19. a3 Rae8 20. Kd2 Na5 21.
Rae1 Re4 22. g5 Rhe8 23. Bf2 Nc6 24. Kc3 Rxf4 25. Rxe8 Kxe8 26. Bg3 Rf3+ 27.
Kc2 Nxd4+ 28. Kb1 Nf5 29. Be1 d4 30. h4 Ne3 31. Bb4 Kd7 32. Kc1 Rf1+ 33. Rxf1
Nxf1 34. Kd1 Ke6 35. Ke2 Ne3 36. a4 Kd5 37. Kf3 Nc2 38. Bd2 a6 39. Kf4 Ne3 40.
Kf3 Ke5 41. a5 Nd5 42. Be1 c3 43. bxc3 dxc3 44. Ke2 Kd4 45. Bg3 Kc4 46. Bxd6
Kb3 47. Kd1 Kb2 48. Be5 Kb1 0-1

[Event "5th Budapest Open"]
[Site "Budapest"]
[Date "2015.08.16"]
[Round "2.24"]
[White "Bellan, Istvan"]
[Black "Gombocz, Ferenc Jr"]
[Result "1-0"]
[WhiteElo "1848"]
[BlackElo "1637"]
[PlyCount "131"]
[EventDate "2014.08.15"]
[EventType "swiss"]
[EventRounds "9"]
[EventCountry "HUN"]

1. e4 e5 2. Nf3 Nf6 3. Nxe5 d6 4. Nf3 Nxe4 5. c4 c6 6. Nc3 Nxc3 7. dxc3 Be6 8.
Bf4 Qe7 9. Qe2 d5 10. Nd4 Nd7 11. Nxe6 fxe6 12. O-O-O O-O-O 13. Qe3 Qf7 14. Bg5
Bc5 15. Qh3 Rde8 16. Be3 Qf5 17. Qg3 Qg6 18. Qh3 Qf5 19. g4 Qf8 20. Bd3 Ne5 21.
cxd5 exd5 22. Bf5+ Kb8 23. Rhe1 Bd6 24. Bd4 g6 25. Bc2 Qf4+ 26. Kb1 Re7 27. Qg3
Qxg3 28. hxg3 Rhe8 29. Bxe5 Rxe5 30. Rxe5 Rxe5 31. Bd3 Kc7 32. Kc2 Bc5 33. Rf1
Kd7 34. b4 Bb6 35. f4 Re3 36. f5 Rxg3 37. fxg6 hxg6 38. Bxg6 Be3 39. Bf5+ Kc7
40. Rh1 Bf4 41. a4 Be5 42. Rh7+ Kb8 43. Rd7 Rxc3+ 44. Kd2 Rc4 45. Rd8+ Kc7 46.
Rd7+ Kb6 47. a5+ Ka6 48. Bd3 Bc3+ 49. Kc2 Bxb4+ 50. Bxc4+ dxc4 51. g5 Bf8 52.
g6 b6 53. g7 Bxg7 54. Rxg7 Kxa5 55. Rxa7+ Kb4 56. Rb7 b5 57. Rc7 c5 58. Ra7 c3
59. Rh7 Kc4 60. Rh4+ Kd5 61. Kxc3 Kc6 62. Rh6+ Kd5 63. Rb6 b4+ 64. Kb3 Kd4 65.
Rd6+ Ke5 66. Rd1 1-0

[Event "5th Budapest Open"]
[Site "Budapest"]
[Date "2015.08.16"]
[Round "2.25"]
[White "Lakatos, Tamás"]
[Black "Rinyu, János"]
[Result "1-0"]
[WhiteElo "1533"]
[BlackElo "1745"]
[PlyCount "141"]
[EventDate "2014.08.15"]
[EventType "swiss"]
[EventRounds "9"]
[EventCountry "HUN"]

1. e4 b6 2. d4 Bb7 3. Bd3 e6 4. Nf3 c5 5. Be3 cxd4 6. Bxd4 Nc6 7. Be3 Nb4 8.
Nbd2 Nxd3+ 9. cxd3 Nf6 10. Bg5 Be7 11. Bxf6 Bxf6 12. Nc4 Be7 13. O-O O-O 14.
Ne3 Bf6 15. Qe2 g6 16. Ng4 Bg7 17. Qd2 f5 18. Ne3 fxe4 19. dxe4 Bxe4 20. Ne1
Bc6 21. Nd3 Qg5 22. f4 Qf6 23. Ne5 Bb5 24. Rf2 Qe7 25. a4 Bxe5 26. fxe5 Bc6 27.
Ng4 Rxf2 28. Qxf2 Rf8 29. Nf6+ Kg7 30. Qh4 Rxf6 31. exf6+ Qxf6 32. Qb4 Qg5 33.
Qc3+ e5 34. g3 Qf5 35. Re1 Qf3 36. Qxe5+ Kh6 37. Qe3+ Qxe3+ 38. Rxe3 Bxa4 39.
Ra3 Bc6 40. Rxa7 Kg5 41. Ra6 b5 42. Ra3 Kg4 43. h4 g5 44. hxg5 Kxg5 45. Kf2 h5
46. b4 h4 47. gxh4+ Kxh4 48. Rg3 Kh5 49. Ke3 Bd5 50. Kd4 Bc4 51. Rg7 d5 52. Rd7
Kg6 53. Rxd5 Kf6 54. Re5 Bf1 55. Re8 Kf7 56. Re4 Bc4 57. Kc5 Bd3 58. Re3 Bc4
59. Kb6 Kf6 60. Kc5 Kf7 61. Kd6 Kf6 62. Rf3+ Kg5 63. Kc5 Kg4 64. Rf8 Kg5 65.
Rb8 Kf6 66. Rxb5 Bxb5 67. Kxb5 Ke7 68. Kc6 Kd8 69. Kb7 Kd7 70. b5 Kd8 71. b6
1-0

[Event "5th Budapest Open"]
[Site "Budapest"]
[Date "2015.08.16"]
[Round "2.26"]
[White "Liptak, Tibor"]
[Black "Papp, Andrea"]
[Result "1-0"]
[WhiteElo "1833"]
[BlackElo "1601"]
[PlyCount "85"]
[EventDate "2014.08.15"]
[EventType "swiss"]
[EventRounds "9"]
[EventCountry "HUN"]

1. e4 d6 2. d4 e5 3. dxe5 dxe5 4. Qxd8+ Kxd8 5. Bc4 Be6 6. Bxe6 fxe6 7. Nf3 Bd6
8. Bg5+ Nf6 9. Nc3 Nbd7 10. O-O-O a6 11. h3 h6 12. Be3 Ke7 13. Nh4 Kf7 14. Rhf1
Bb4 15. f4 Rhd8 16. fxe5 Nxe5 17. Bd4 Bd6 18. Nf3 Nxf3 19. Rxf3 e5 20. Bf2 Ke6
21. Bh4 Rf8 22. Rdf1 b5 23. a3 Rab8 24. Kd2 g5 25. Bg3 b4 26. axb4 Bxb4 27. Kd3
c6 28. Rf5 Bd6 29. Nd1 Rb4 30. c3 Rbb8 31. Ne3 Nh5 32. Rxf8 Bxf8 33. Bh2 Bc5
34. Ng4 Nf4+ 35. Kc4 Bd6 36. b4 Nxg2 37. Rf6+ Ke7 38. Rxd6 Ne3+ 39. Kc5 Nxg4
40. hxg4 Rb5+ 41. Kxc6 Rb8 42. Bxe5 Rb5 43. Bd4 1-0

[Event "5th Budapest Open"]
[Site "Budapest"]
[Date "2015.08.16"]
[Round "2.27"]
[White "Rajcsanyi, Peter"]
[Black "Ronyai, Imre"]
[Result "0-1"]
[WhiteElo "1820"]
[BlackElo "1549"]
[PlyCount "48"]
[EventDate "2014.08.15"]
[EventType "swiss"]
[EventRounds "9"]
[EventCountry "HUN"]

1. d4 Nf6 2. c4 g6 3. Nc3 d5 4. Nf3 Bg7 5. Qb3 O-O 6. cxd5 Nbd7 7. e4 Nb6 8.
Be2 a5 9. a4 h5 10. O-O Bd7 11. e5 Nfxd5 12. Ne4 Bc6 13. Rd1 e6 14. Bb5 Bxb5
15. Qxb5 Nb4 16. Ra3 c6 17. Qc5 N6d5 18. Bd2 b6 19. Qc4 Qd7 20. Raa1 Rfc8 21.
Qb3 c5 22. Bxb4 c4 23. Qc2 Nxb4 24. Nd6 Nxc2 0-1